Music Quiz

Random Music or Bands Quiz

Rock/Metal Bands by Guitarist Quiz Stats

 Plays Quiz not verified by Sporcle

Also try: Queen Songs
Challenge
Share
Tweet
Embed
Score 0/25 Timer 05:00
0 Plays Today
Guitarist Band % Correct
SlashGuns N' Roses, Slash's Snakepit or Velvet Revolver
97.5%
Kurt CobainNirvana
95.7%
Eddie Van HalenVan Halen
95.7%
Kirk HammettMetallica
94.4%
Angus YoungACDC
94.4%
Jimmy PageLed Zeppelin or The Yardbirds
90.6%
George HarrisonThe Beatles
86.4%
Zakk WyldeBlack Label Society or Ozzy Osbourne
84.6%
Dimebag DarrellPantera or Damageplan
83.9%
Jack WhiteThe White Stripes
82.4%
Eric ClaptonCream or The Yardbirds
81.7%
Pete TownshendThe Who
81.3%
Dave MustaineMegadeth or MD .45
80.6%
Guitarist Band % Correct
Tom MorelloRage Against the Machine or Audioslave
80.4%
Randy RhoadsQuiet Riot or Ozzy Osbourne
78.8%
Jimi HendrixThe Jimi Hendrix Experience
76.8%
Scott IanAnthrax
74.3%
Kerry KingSlayer
72.4%
Synyster GatesAvenged Sevenfold
62.9%
Jerry CantrellAlice In Chains
58.9%
John PetrucciDream Theater
58.2%
Mick MarsMötley Crüe
56.8%
Dave MurrayIron Maiden
54.7%
KK DowningJudas Priest
53.1%
Jeff BeckJeff Beck Group or The Yardbirds
52.4%

You're not logged in!

Compare scores with friends on all Sporcle quizzes.
Join for Free
OR
Log In

You Might Also Like...

Show Comments

Extras

Created Dec 22, 2010ReportNominate
Tags:Bands Quiz, Rock Quiz, grunge, metal

Top Quizzes Today


Score Distribution

Your Account Isn't Verified!

In order to create a playlist on Sporcle, you need to verify the email address you used during registration. Go to your Sporcle Settings to finish the process.

Report this User

Report this user for behavior that violates our Community Guidelines.

Details: